00541cam a2200205 a 4500001001300000003000400013005001700017008004100034010001700075040001300092050002500105100002800130245004200158250002300200260005100223300001900274500001100293546001400304999001700318sa 66002881 DLC20260227112232.0860227s1959 ii 000 f hino  asa 66002881  aDLCcDLC00aPK2098.A67bP38 19590 aĀrigapūḍi,d1932-10aPatita-pāvanī /cĀrigapūḍi. a1. saṃskaraṇa. aDillī :bRājapāla eṇḍa Sanza,c1959. a216 p.c19 cm. aNovel. aIn Hindi. c68598d68598